000 00583cam a2200193 4500500
005 20260405001056.0
041 _afre
042 _adc
100 1 0 _aEltchaninoff, Michel
_eauthor
245 0 0 _aLes tribulations du révolté chic
260 _c2011.
500 _a43
690 _aChristopher Lasch
690 _aHoward S. Becker
690 _aMarge
690 _aNormalité
786 0 _nPhilosophie magazine | 47 | 3 | 2011-03-01 | p. 14-15 | 1951-1787
856 4 1 _uhttps://shs.cairn.info/magazine-philosophie-magazine-2011-3-page-14?lang=fr&redirect-ssocas=7080
999 _c2043823
_d2043823